| 000 | 00804nam a2200193 a 4500 | ||
|---|---|---|---|
| 008 | 120416s1981 ||||||||||||||||| || u | ||
| 020 | _a0860035158 | ||
| 050 | _aHF 5635 Com | ||
| 100 | _aParker, Robert Henry | ||
| 245 | 1 | 0 |
_aComparative international accounting. (2nd ed.) _cedited by Christopher Nobes |
| 250 | _a2nd ed. | ||
| 260 |
_aOxford: _bPhillip Allan _c1981 |
||
| 300 | _axvi, 383p. | ||
| 350 | _a0.00 | ||
| 650 | 0 | _aCOMPARATIVE ACCOUNTING | |
| 700 | _aNobes, Christopher W | ||
| 995 |
_aANNEX COLLECTION (Main Library) _D0.00 _e712804 _FCBU-MAIN LIBRARY (Kitwe) _H2 _I19.95 _jHF 5635 Com _UAVAILABLE _y005539 _ZAnnex Low-Usage Collection |
||
| 995 |
_aANNEX COLLECTION (Main Library) _D0.00 _e712803 _FCBU-MAIN LIBRARY (Kitwe) _H1 _I19.95 _jHF 5635 Com _UAVAILABLE _y005540 _ZAnnex Low-Usage Collection |
||
| 999 |
_c79582 _d79582 |
||